Statistics for Odd City Names - Extreme #1

Click here to take the quiz!

General Stats

  • This quiz has been taken 10 times
  • The average score is 2 of 40

Answer Stats

SettlementCountry / State% Correct
BatmanTurkey
86%
Beaver DamCanada
43%
1170 (yes that is not a mistake!)Australia
14%
CelebrationFlorida
14%
CondomFrance
14%
Disappointment IslandNew Zealand
14%
EekAlaska
0%
ChickenAlaska
0%
Apocalypse PeaksAntarctica
0%
CarefreeArizona
0%
BlowhardAustralia
0%
Come By ChanceAustralia
0%
BerryheadCanada
0%
DinosaurColorado
0%
BearDelaware
0%
Beer Bottle CrossingIdaho
0%
BaconIndiana
0%
ButtermilkKansas
0%
Bee LickKentucky
0%
Dog WalkKentucky
0%
DinkytownMinnesota
0%
EmbarrassMinnesota
0%
CheesecakeNew Jersey
0%
Brainy BoroughNew Jersey
0%
BullsNew Zealand
0%
Bat CaveNorth Carolina
0%
Can DoNorth Dakota
0%
Bow LegsOklahoma
0%
BoringOregon
0%
Dead ChinamanPapua New Guinea
0%
Bird In HandPennsylvania
0%
Burning WellPennsylvania
0%
BugscuffleTennessee
0%
BigfootTexas
0%
DISHTexas
0%
BestTexas
0%
Christmas PieUnited Kingdom
0%
DollarbegUnited Kingdom
0%
DullUnited Kingdom
0%
Big Rock Candy MountainVermont
0%

Score Distribution

Percentile by Number Answered

Percent of People with Each Score

Your Score History

You have not taken this quiz